Statistics for Guess the capital city by the country's flag

Click here to take the quiz!

General Stats

  • This quiz has been taken 44 times
  • The average score is 15 of 19

Answer Stats

Answer% Correct
Washington DC
100%
London
97%
Berlin
91%
Moscow
91%
Canberra
89%
New Delhi
89%
Ottawa
89%
Lisbon
86%
Brasília
83%
Helsinki
83%
Bangkok
80%
Riyadh
74%
Bratislava
71%
Rabat
71%
Zagreb
71%
San Salvador
66%
Ljubljana
63%
Tripoli
60%
Vienna
60%

Score Distribution

Percentile by Number Answered

Percent of People with Each Score

Your Score History

You have not taken this quiz